[Event "Challenger's Cup"]
[Site "?"]
[Date "????.??.??"]
[Round "1"]
[White "Roberts, Teddy"]
[Black "Morrison, Michael"]
[Result "1-0"]
[WhiteElo "1640"]
[BlackElo "1246"]
[PlyCount "41"]
[SourceDate "2017.11.14"]
[SourceVersionDate "2017.11.14"]

1. e4 c5 2. Nc3 d6 3. f4 e6 4. Nf3 Nf6 5. d3 Be7 6. g3 Nc6 7. Bg2 h6 8. O-O O-O
9. Kh1 Bd7 10. e5 dxe5 11. Nxe5 Qc8 12. Ne4 Nxe5 13. fxe5 Nd5 14. Qg4 f5 15.
exf6 Nxf6 16. Nxf6+ Bxf6 17. Bxh6 e5 18. Qg6 Be8 19. Bd5+ Kh8 20. Bxg7+ Bxg7
21. Rxf8+ 1-0

[Event "Challenger's Cup"]
[Site "?"]
[Date "????.??.??"]
[Round "1"]
[White "Bashkansky, Naomi"]
[Black "Du, Wenyang"]
[Result "1/2-1/2"]
[WhiteElo "2041"]
[BlackElo "1878"]
[PlyCount "58"]
[SourceDate "2017.11.14"]
[SourceVersionDate "2017.11.14"]

1. d4 Nf6 2. c4 g6 3. Nc3 d5 4. Nf3 Bg7 5. cxd5 Nxd5 6. Qb3 Nxc3 7. bxc3 O-O 8.
Ba3 b6 9. e3 Nc6 10. Be2 Na5 11. Qb4 c5 12. dxc5 Nc6 13. Qb3 Be6 14. Qb2 bxc5
15. Bxc5 Qa5 16. Bd4 Nxd4 17. Nxd4 Rfc8 18. O-O Rab8 19. Qd2 Bxd4 20. Qxd4 Rd8
21. Qe4 Qxc3 22. Qa4 Rb2 23. Rac1 Rxa2 24. Qxa2 Qxc1 25. Qxa7 Qb2 26. Qxe7 Rd2
27. Ba6 Qa2 28. Qe8+ Kg7 29. Qb5 Bd5 1/2-1/2

[Event "Challenger's Cup"]
[Site "?"]
[Date "????.??.??"]
[Round "2"]
[White "Zhang, Brendan"]
[Black "Levine, Joseph"]
[Result "0-1"]
[WhiteElo "2107"]
[BlackElo "1867"]
[PlyCount "128"]
[SourceDate "2017.11.14"]
[SourceVersionDate "2017.11.14"]

1. d4 d5 2. c4 e6 3. Nc3 Nf6 4. Nf3 c6 5. Bg5 Nbd7 6. e3 Qa5 7. Qc2 Ne4 8. c5
b6 9. cxb6 axb6 10. Kd1 Nxg5 11. Nxg5 Be7 12. Nf3 O-O 13. Bd3 h6 14. Ke2 c5 15.
Bb5 Qa7 16. Rhe1 Qc7 17. Kf1 Bb7 18. Kg1 Bd6 19. a4 f6 20. Rad1 Rad8 21. h3 f5
22. Qb3 Nf6 23. Be2 c4 24. Qc2 Ba6 25. Rc1 Rc8 26. b3 Qb8 27. Qb2 Qb7 28. bxc4
Bxc4 29. Nb5 Bxb5 30. Qxb5 Ne4 31. Rxc8 Rxc8 32. a5 Nc3 33. a6 Qa7 34. Qb2 Kh7
35. Bd3 b5 36. Rc1 Na4 37. Qb1 Rxc1+ 38. Qxc1 Qxa6 39. g4 g6 40. g5 h5 41. Ne5
Qb7 42. Qc2 Bxe5 43. dxe5 Qb8 44. Qc6 Qxe5 45. Bxb5 Nc3 46. Qd7+ Qg7 47. Bc6
Qxd7 48. Bxd7 e5 49. Kf1 Kg7 50. f3 h4 51. Bc6 Kf7 52. Ke1 d4 53. exd4 exd4 54.
Kd2 Ke6 55. Kd3 Ke5 56. Kd2 Nd5 57. Bd7 Nf4 58. Be8 Nxh3 59. Bxg6 Nxg5 60. Ke2
d3+ 61. Kxd3 h3 62. f4+ Kxf4 63. Be8 h2 64. Bc6 Ne4 0-1

[Event "Challenger's Cup"]
[Site "?"]
[Date "????.??.??"]
[Round "1"]
[White "Breckenridge, Steven"]
[Black "Du, Wenyang"]
[Result "1-0"]
[WhiteElo "2403"]
[BlackElo "1878"]
[PlyCount "71"]
[SourceDate "2017.11.14"]
[SourceVersionDate "2017.11.14"]

1. e4 c5 2. c3 e5 3. Nf3 d6 4. d4 cxd4 5. cxd4 exd4 6. Nxd4 Nf6 7. Bb5+ Nbd7 8.
O-O a6 9. Bc4 Ne5 10. Bb3 Be7 11. Nc3 h5 12. Bg5 Nfg4 13. Bxe7 Qxe7 14. Nd5 Qh4
15. h3 Nf6 16. Nc7+ Ke7 17. Nxa8 Bxh3 18. gxh3 Qg5+ 19. Kh1 Nxe4 20. Qe2 Qf4
21. Nc7 Kd7 22. Nd5 Qh4 23. Ba4+ Kd8 24. Qe3 Nc4 25. Qf4 Qxh3+ 26. Qh2 Qg4 27.
Rg1 Nxf2+ 28. Qxf2 Qe4+ 29. Rg2 Qxd5 30. Qf5 Qxg2+ 31. Kxg2 Ne3+ 32. Kf3 Nxf5
33. Nxf5 g5 34. Rd1 b5 35. Nxd6 Ke7 36. Bb3 1-0

[Event "Challenger's Cup"]
[Site "?"]
[Date "????.??.??"]
[Round "1"]
[White "Henderson, Doug"]
[Black "Szeto, Sophie"]
[Result "0-1"]
[WhiteElo "738"]
[BlackElo "1445"]
[PlyCount "68"]
[SourceDate "2017.11.14"]
[SourceVersionDate "2017.11.14"]

1. e4 c5 2. Nf3 d6 3. Nc3 Nc6 4. Bb5 Bd7 5. O-O Nf6 6. d3 g6 7. Be3 Bg7 8. Re1
O-O 9. Qd2 Ng4 10. h3 Nxe3 11. Qxe3 Rc8 12. Rab1 Nd4 13. Bxd7 Qxd7 14. Qd2
Nxf3+ 15. gxf3 Qxh3 16. f4 c4 17. Re3 Qg4+ 18. Rg3 Qh4 19. b3 Bd4 20. Kf1 cxb3
21. Rxb3 Bxc3 22. Rxc3 Rxc3 23. Qxc3 Qxf4 24. Qc7 Qc1+ 25. Kg2 b6 26. Qxe7 Qxc2
27. Qxa7 Qc6 28. f3 Ra8 29. Qe7 Rxa2+ 30. Kh3 Qc8+ 31. Kh4 Rh2+ 32. Kg5 Rh5+
33. Kf6 Qc3+ 34. e5 Rf5# 0-1

[Event "Challenger's Cup"]
[Site "?"]
[Date "????.??.??"]
[Round "4"]
[White "Yu, Jason"]
[Black "Pupols, Viktor"]
[Result "1/2-1/2"]
[WhiteElo "2098"]
[BlackElo "2200"]
[PlyCount "120"]
[SourceDate "2017.11.14"]
[SourceVersionDate "2017.11.14"]

1. e4 c6 2. d4 d5 3. Nc3 dxe4 4. Nxe4 Bf5 5. Ng3 Bg6 6. h4 h6 7. Nf3 Nd7 8. h5
Bh7 9. Bd3 Ngf6 10. Bxh7 Rxh7 11. Qd3 e6 12. Bd2 Qc7 13. O-O-O O-O-O 14. Kb1
Bd6 15. Ne4 Nxe4 16. Qxe4 Nf6 17. Qe2 Rhh8 18. c3 Rhe8 19. Bc1 e5 20. dxe5 Bxe5
21. Rxd8+ Kxd8 22. Qc4 Qd7 23. Qb3 Kc8 24. Be3 b6 25. Ka1 Qe6 26. Qa4 Kb7 27.
Re1 Bb8 28. Bd2 Qd7 29. Rd1 Rd8 30. Qh4 Qg4 31. Qxg4 Nxg4 32. Re1 Bd6 33. Be3
Nxe3 34. Rxe3 Bc5 35. Re1 Bxf2 36. Re7+ Kc8 37. Kb1 Rd7 38. Re8+ Kb7 39. Ne5
Rc7 40. Rf8 f6 41. Ng6 Bg3 42. Kc2 Rd7 43. c4 a5 44. b3 b5 45. Re8 bxc4 46.
bxc4 Bd6 47. Rg8 Kb6 48. Nh4 Kc5 49. Nf5 Kxc4 50. Nxg7 Bf4 51. Ne6 Rd2+ 52. Kb1
Be5 53. a4 Rb2+ 54. Kc1 Ra2 55. Rg4+ Kd5 56. Ng7 c5 57. Nf5 Ra1+ 58. Kd2 Rh1
59. Ne3+ Ke6 60. Nc4 Rxh5 1/2-1/2